Em quais cidades estão as maiores favelas do mundo? - Statistics

Estatísticas Gerais
  • Esse quiz foi jogado 102 vezes
  • A pontuação média é 4 de 9
Estatísticas das Respostas
# CIDADES NOME DA FAVELA POPULAÇÃO % Correto
9 Rio de Janeiro /(Brasil) Rocinha 70 a 180 mil
99%
2 Cidade do México /(México) Ciudad Nezahualcoyotl 1,2 milhões
66%
3 Mumbai /(Índia) Dharavi 700 mil a 1 milhão
64%
8 Cairo /(Egito) Manshiyat Naser 60 a 250 mil
31%
1 Karachi /(Paquistão) Orangi Town 1,5 a 2,4 milhões
30%
6 Manila /(Filipinas) Tondo 400 mil a 600 mil
28%
5 Cape Town /(África do sul) Khayelitsha 400 mil a 1,2 milhões
24%
4 Nairobi /(Quênia) Kibera 500 mil a 1 milhão
23%
7 Porto Príncipe /(Haiti) Cité Soleil 200 a 400 mil
19%
Nenhum quiz correspondente encontrado
Distribuição das Pontuações
Porcentagem de Pessoas com Cada Pontuação
Percentil de Números Respondidos
Sua Pontuação Histórica
Você não jogou esse quiz